000 00921nam a22002777a 4500
003 CHAP
005 20220329140627.0
008 971013s1970 r 00010 d
010 _a54991
011 _a55963
035 _a60116
040 _cCHAP
090 _aTesis
100 0 0 _aSantos Landois, Miguel Angel.
_9102505
245 _aAnteproyecto de un plan de mejoramiento para la ganadería bovina de leche en el Estado de Coahuila en el año de 1970
260 _aMéxico, D.F. :
_bEl autor,
_c1970
300 _as.p.
502 _aTesis (Médico Veterinario Zootecnista) -- UNAM Fac. de Medicina Veterinaria y Zootecnia
590 _aALEPH
_b10
_c20130110
_lUCH01
_h1332
590 _aBATCH-UPD
_b10
_c20130110
_lUCH01
_h0758
590 _aCONVERSION
_b10
_c20130109
_lUCH01
_h1330
650 1 4 _aGanado lechero
_zCoahuila.
_945311
901 _aBK
942 _cTESIS
949 _bBC
_cTES
_d-129699
_eTS1
_i60116
_si
999 _c54991
_d54991